The tears of the rajas : (Record no. 102441)
[ view plain ]
| 000 -LEADER | |
|---|---|
| fixed length control field | 01090nam a22002657a 4500 |
| 005 - DATE AND TIME OF LATEST TRANSACTION | |
| control field | 20170731142843.0 |
| 010 ## - LCCN (DPL NO) | |
| LC control number | 1617EN ENG-117245 |
| 020 ## - INTERNATIONAL STANDARD BOOK NUMBER | |
| International Standard Book Number | 9781471129452 |
| Terms of availability | 799.00 |
| 020 ## - INTERNATIONAL STANDARD BOOK NUMBER | |
| International Standard Book Number | 9781471129469 |
| Terms of availability | 599.00 (AV) |
| 035 ## - SYSTEM CONTROL NUMBER | |
| System control number | B-649038-046 |
| 035 ## - SYSTEM CONTROL NUMBER | |
| System control number | EN-100777 |
| 035 ## - SYSTEM CONTROL NUMBER | |
| System control number | B-667294 |
| 037 ## - SOURCE OF ACQUISITION | |
| Stock number | dpl |
| Source of stock number/acquisition | Aakar |
| 037 ## - SOURCE OF ACQUISITION | |
| Source of stock number/acquisition | DBAD/PUB |
| 082 ## - DEWEY DECIMAL CLASSIFICATION NUMBER | |
| Classification number | 954.08 |
| 100 ## - MAIN ENTRY--PERSONAL NAME | |
| Personal name | Mount, Ferdinand |
| 245 ## - TITLE STATEMENT | |
| Title | The tears of the rajas : |
| Statement of responsibility, etc | by Ferdinand Mount |
| Remainder of title | mutiny, money and marriage in India 1805-1905 / |
| 260 ## - PUBLICATION, DISTRIBUTION, ETC. (IMPRINT) | |
| Place of publication, distribution, etc | London |
| Name of publisher, distributor, etc | Simon & Schuster |
| Date of publication, distribution, etc | 2015 |
| 270 ## - ADDRESS | |
| Address | First Floor, 222 Gray's Inn Road, |
| City | London |
| Postal code | WCIX 8HB |
| 300 ## - PHYSICAL DESCRIPTION | |
| Extent | 773p. |
| Dimensions | 23cm(hb) |
| 500 ## - GENERAL NOTE | |
| General note | Includes index |
| 942 ## - ADDED ENTRY ELEMENTS (KOHA) | |
| Source of classification or shelving scheme | Dewey Decimal Classification |
| Item type | English Books |
| Call number suffix | MOU |
| Classification part | 954.08 |
| Withdrawn status | Lost status | Not for loan | Collection code | Home library | Current library | Date acquired | Source of acquisition | Cost, normal purchase price | Full call number | Barcode | Copy number | Cost, replacement price | Koha item type |
|---|---|---|---|---|---|---|---|---|---|---|---|---|---|
| Non-fiction | Ashok Vihar | Ashok Vihar | 31/07/2017 | BPPD/EN/2016-17/AV/16-17/451/15.2.2017/I-3323/1.3.2017/ 17.3.2017 | 599.00 | 954.08 MOU | B-667294 | 1 | 599.00 | English Books | |||
| Not For Loan | Non-fiction | D.B.Act.Division | Bawana | 14/02/2017 | DBAD/PUB | 799.00 | 954.08 MOU | EN-100777 | 1 | 799.00 | English Books | ||
| Non-fiction | Bawana | Bawana | 01/03/2017 | BPPD/EN/2016-17/285/24.11.2016/I-2562/3.12.2016/2.1.2017 | 799.00 | 954.08 MOU | B-649044 | 1 | 799.00 | English Books | |||
| Non-fiction | Central Library | Central Library | 01/03/2017 | BPPD/EN/2016-17/285/24.11.2016/I-2562/3.12.2016/2.1.2017 | 799.00 | 954.08 MOU | B-649038 | 1 | 799.00 | English Books | |||
| Not For Loan | Reference | Central Library | Central Library | 01/03/2017 | BPPD/EN/2016-17/285/24.11.2016/I-2562/3.12.2016/2.1.2017 | 799.00 | 954.08 MOU | B-649039 | 1 | 799.00 | English Books | ||
| Non-fiction | Janak Puri | Janak Puri | 01/03/2017 | BPPD/EN/2016-17/285/24.11.2016/I-2562/3.12.2016/2.1.2017 | 799.00 | 954.08 MOU | B-649042 | 1 | 799.00 | English Books | |||
| Non-fiction | Kasturba Gandhi Marg | Kasturba Gandhi Marg | 01/03/2017 | BPPD/EN/2016-17/285/24.11.2016/I-2562/3.12.2016/2.1.2017 | 799.00 | 954.08 MOU | B-649041 | 1 | 799.00 | English Books | |||
| Non-fiction | Patel Nagar | Patel Nagar | 01/03/2017 | BPPD/EN/2016-17/285/24.11.2016/I-2562/3.12.2016/2.1.2017 | 799.00 | 954.08 MOU | B-649040 | 1 | 799.00 | English Books | |||
| Non-fiction | Sarojini Nagar | Sarojini Nagar | 01/03/2017 | BPPD/EN/2016-17/285/24.11.2016/I-2562/3.12.2016/2.1.2017 | 799.00 | 954.08 MOU | B-649043 | 1 | 799.00 | English Books | |||
| Non-fiction | Shahdara Branch | Shahdara Branch | 01/03/2017 | BPPD/EN/2016-17/285/24.11.2016/I-2562/3.12.2016/2.1.2017 | 799.00 | 954.08 MOU | B-649045 | 1 | 799.00 | English Books | |||
| Non-fiction | Yojana Vihar | Yojana Vihar | 01/03/2017 | BPPD/EN/2016-17/285/24.11.2016/I-2562/3.12.2016/2.1.2017 | 799.00 | 954.08 MOU | B-649046 | 1 | 799.00 | English Books |
